| 000 | 00506 a2200169 4500 | ||
|---|---|---|---|
| 003 | OSt | ||
| 005 | 20240112100535.0 | ||
| 008 | 240112b |||||||| |||| 00| 0 eng d | ||
| 020 | _a9789382581284 | ||
| 040 | _coclc | ||
| 082 |
_a281 _bMAS/Y |
||
| 100 |
_aMaster, Muhammadali _910252 |
||
| 245 |
_aYeshukristhu judha kristhava islamika veekshanathil / _cMuhammed ali Mater |
||
| 260 |
_aKerala : _bDa'wa Books, _c2017. |
||
| 300 | _a107p | ||
| 942 |
_2ddc _cBK _h281 _iMAS/Y _k281 _mMAS/Y |
||
| 999 |
_c43162 _d43162 |
||